Escepticismo y fe animal: introducción a un sistema de filosofía

Salvato in:
Dettagli Bibliografici
Autore principale: Santayana, George (Autore)
Natura: Libro
Lingua:spagnolo
Pubblicazione: Buenos Aires Losada 1952
Serie:Biblioteca Filosófica
Soggetti:
Tags: Aggiungi Tag
Nessun Tag, puoi essere il primo ad aggiungerne!!

MARC

LEADER 00000nam a2200000 a 4500
001 UCU3406
003 CL-VaPUC
008 960510e19520000AG |||||||||||||||||spa|d
082 0 4 |a 149.73  |b SAN  |2 21 
100 0 |a Santayana, George  |e author  |9 347710 
245 1 0 |a Escepticismo y fe animal: introducción a un sistema de filosofía 
300 |a 323 p 
942 |c BK 
945 |d 19960510 00:00:00  |a rleighto 
260 |a Buenos Aires  |b Losada  |c 1952 
650 0 |a Filosofía   |9 223554 
650 0 |a Escepticismo  |9 258591 
650 0 |a Conciencia  |9 309452 
650 7 |a ESCENCIA  |2 CL-VaPUC  |9 354219 
650 7 |a CONOCIMIENTO  |2 CL-VaPUC  |9 308991 
650 0 |a Memoria  |9 266549 
650 0 |a Naturaleza  |9 269656 
650 0 |a Fe  |9 308036 
650 0 |a Espíritu  |9 315904 
583 |a last modification  |c 19960510 00:00:00  |k Rodrigo Vera 
490 0 |a Biblioteca Filosófica 
999 |c 247424  |d 247422 
952 |0 0  |1 0  |4 0  |6 149_730000000000000_SAN_1952  |7 0  |8 P  |9 263321  |a BIBEDU  |b BIBEDU  |c BIBEDU_PB  |d 2019-11-19  |i 3126021  |o 149.73 SAN 1952  |p 3126021  |r 2024-01-25  |w 2019-11-19  |y BK  |k FIL